000 00360cam a22001097a 4500
008 180718b1968 xxu||||| |||| 00| 0 eng d
082 _aT34 In8
245 _aCreating a market
_cby International Labour Organisation, Switzerland
260 _aGeneva
_bInternaitonal Labour Office
_c1968
300 _a178p
700 _aSwitzerland. International Labour Organisation
999 _c497885
_d497885